[Event "C.to Provinciale RM"]
[Site "Roma ITA"]
[Date "1997.??.??"]
[Round "6"]
[White "Russi, Roberto"]
[Black "Satta, Vladimiro"]
[Result "1/2-1/2"]
[WhiteElo "1690"]
[BlackElo "2230"]
[PlyCount "93"]
[EventDate "1997.??.??"]

1. c4 d6 2. Nc3 e5 3. Nf3 g6 4. d4 exd4 5. Nxd4 Bg7 6. e4 Ne7 7. Be3 O-O 8. Be2
Nbc6 9. O-O f5 10. f3 fxe4 11. Nxe4 Nf5 12. Nxc6 Nxe3 13. Nxd8 Nxd1 14. Raxd1
Rxd8 15. Rd2 b6 16. Bd1 Be6 17. b3 h6 18. Bc2 a5 19. Ng3 Bf7 20. Be4 Rab8 21.
Bd5 b5 22. Rc1 c5 23. Ne2 b4 24. Nf4 Bd4+ 25. Rxd4 cxd4 26. Rd1 g5 27. Bxf7+
Kxf7 28. Nd5 a4 29. Rxd4 axb3 30. axb3 Ra8 31. Nxb4 Rdb8 32. Nd3 Rxb3 33. Rxd6
Ra2 34. h3 Ke7 35. Rd5 Rd2 36. Nc5 Rb1+ 37. Kh2 Rxd5 38. cxd5 Rd1 39. Ne4 Rxd5
40. Kg3 Kf7 41. h4 Kg6 42. hxg5 hxg5 43. Nf2 Kf5 44. Ng4 Rd3 45. Nf2 Ra3 46.
Ne4 g4 47. Nf2 1/2-1/2

[Event "C.to Provinciale RM"]
[Site "Roma ITA"]
[Date "1997.??.??"]
[Round "6"]
[White "Scacco, Mauro"]
[Black "Tersigni, Andrea"]
[Result "1-0"]
[WhiteElo "2045"]
[BlackElo "1777"]
[PlyCount "65"]
[EventDate "1997.??.??"]

1. e4 e6 2. d3 d5 3. Nd2 Be7 4. Ngf3 Bd7 5. g3 Bc6 6. Ne5 Nf6 7. Bg2 Qd6 8. f4
Nfd7 9. exd5 Nxe5 10. dxc6 Nexc6 11. Nc4 Qd7 12. c3 Na6 13. O-O Rd8 14. d4 O-O
15. Be3 Nab8 16. Qh5 Qe8 17. f5 Bf6 18. Rae1 b5 19. Nd2 e5 20. Bg5 Bxg5 21.
Qxg5 f6 22. Qh4 Qf7 23. Nb3 Rfe8 24. Nc5 Rd6 25. Ne6 exd4 26. cxd4 Nd8 27. Nxc7
Rxe1 28. Rxe1 g5 29. fxg6 Qxg6 30. Bd5+ Nf7 31. Qf4 Rd7 32. Re8+ Kg7 33. Ne6#
1-0

[Event "C.to Provinciale RM"]
[Site "Roma ITA"]
[Date "1997.??.??"]
[Round "6"]
[White "Scagliarini, Bruno"]
[Black "Passerotti, Pierluigi"]
[Result "0-1"]
[WhiteElo "1974"]
[BlackElo "2310"]
[PlyCount "66"]
[EventDate "1997.??.??"]

1. c4 f5 2. d4 Nf6 3. Nc3 g6 4. g3 Bg7 5. Bg2 O-O 6. Nf3 d6 7. O-O c6 8. Rb1 a5
9. d5 e5 10. dxe6 Bxe6 11. b3 Na6 12. Ng5 Bc8 13. Bb2 Nc5 14. Nh3 Qc7 15. a3
Be6 16. Nf4 Bf7 17. Re1 g5 18. Nd3 Nce4 19. Nxe4 fxe4 20. Nc1 e3 21. f3 a4 22.
Bd4 Rfe8 23. Nd3 axb3 24. c5 Nd7 25. Bxg7 Kxg7 26. cxd6 Qxd6 27. Qc1 Rxa3 28.
Qc3+ Qf6 29. Qb4 Ra7 30. Qg4 Be6 31. Qb4 b6 32. f4 c5 33. fxg5 Qf2+ 0-1

[Event "C.to Provinciale RM"]
[Site "Roma ITA"]
[Date "1997.??.??"]
[Round "6"]
[White "Vignato, Giovanni"]
[Black "Farina, Saverio"]
[Result "1/2-1/2"]
[WhiteElo "2150"]
[BlackElo "2195"]
[PlyCount "140"]
[EventDate "1997.??.??"]

1. c4 e6 2. Nc3 d5 3. cxd5 exd5 4. d4 c5 5. Nf3 Nc6 6. Bf4 Nf6 7. e3 cxd4 8.
Nxd4 Bb4 9. Bb5 Bd7 10. O-O O-O 11. Qa4 Nxd4 12. exd4 Bxc3 13. bxc3 a6 14. Bxd7
Qxd7 15. Qxd7 Nxd7 16. Rfb1 b6 17. Re1 Rfe8 18. Kf1 f6 19. Rxe8+ Rxe8 20. Re1
Kf7 21. Rxe8 Kxe8 22. Ke2 Kd8 23. Kd3 b5 24. Bd6 Kc8 25. Kc2 Kb7 26. Kb3 Kc6
27. Be7 a5 28. Bd8 a4+ 29. Kc2 Kd6 30. Ba5 Nb8 31. Bb4+ Ke6 32. Kd3 h5 33. Ke3
Kf5 34. Kf3 g5 35. h3 g4+ 36. hxg4+ hxg4+ 37. Ke3 Kg5 38. f3 gxf3 39. Kxf3 Nc6
40. Ba3 Na5 41. Bc1+ Kf5 42. g4+ Ke6 43. g5 fxg5 44. Bxg5 Kf5 45. Bh6 Nc4 46.
Bc1 Nd6 47. Ke3 Kg4 48. Kd3 Kf3 49. Ba3 Ne4 50. Be7 Nf2+ 51. Kd2 Ne4+ 52. Kd3
Nf2+ 53. Kd2 Ke4 54. Bh4 Nd3 55. Bg5 Nb2 56. Bh6 Nc4+ 57. Kc2 Ne3+ 58. Kd2 Ng4
59. Bg5 Nh2 60. Bh6 Nf3+ 61. Kc2 Nh4 62. Kd2 Nf5 63. Bg5 Nd6 64. Kc2 Nf7 65.
Bc1 Nd8 66. Bg5 Nc6 67. Bh6 b4 68. Bg7 Ke3 69. Kb2 Kd3 70. cxb4 Nxb4 1/2-1/2

[Event "I Torneo Cecchina A"]
[Site "Roma ITA"]
[Date "1997.??.??"]
[Round "1"]
[White "Abuhamdieh, Arafat"]
[Black "Scagliarini, Bruno"]
[Result "0-1"]
[WhiteElo "1294"]
[BlackElo "1974"]
[PlyCount "108"]
[EventDate "1997.??.??"]

1. Nf3 Nf6 2. g3 e6 3. d4 c5 4. e3 Nc6 5. Bg2 Be7 6. O-O O-O 7. c4 d6 8. Nc3 e5
9. d5 Nb8 10. Qc2 Bg4 11. e4 Nbd7 12. h3 Bh5 13. Nh4 Ne8 14. Nf5 Bg6 15. Nxe7+
Qxe7 16. f4 f5 17. Qe2 Nc7 18. exf5 Bxf5 19. g4 Bg6 20. f5 Be8 21. Ne4 Nf6 22.
Bg5 h6 23. Nxf6+ gxf6 24. Bxh6 Rf7 25. Rae1 Bd7 26. Rf3 Rh7 27. Bd2 Kf7 28. Rg3
Rg8 29. Be4 Ke8 30. Qg2 Kd8 31. g5 Kc8 32. g6 Rh5 33. Rf1 Ne8 34. b4 cxb4 35.
Bxb4 Ng7 36. Qc2 Kb8 37. c5 dxc5 38. Bxc5 Qe8 39. Qb1 Bb5 40. Bd6+ Ka8 41. Rc1
Qd7 42. Qb4 Nxf5 43. Bxf5 Rxf5 44. Rc7 Rf1+ 45. Kh2 Rf2+ 46. Rg2 Rxg2+ 47. Kxg2
Rxg6+ 48. Kh2 Qf5 49. Qh4 Rg8 50. Bb4 Qf1 51. Qg3 Qe2+ 52. Kh1 Qe4+ 53. Kh2
Qxd5 54. Rc2 Bc6 0-1

[Event "I Torneo Cecchina A"]
[Site "Roma ITA"]
[Date "1997.??.??"]
[Round "1"]
[White "Capone, Gioacchino"]
[Black "De Blasio, Massimo"]
[Result "0-1"]
[WhiteElo "1699"]
[BlackElo "2250"]
[PlyCount "104"]
[EventDate "1997.??.??"]

1. e4 c5 2. Nf3 d6 3. d4 cxd4 4. Nxd4 Nf6 5. Nc3 g6 6. f3 Bg7 7. Be3 O-O 8. Qd2
Nc6 9. Be2 d5 10. Nxc6 bxc6 11. Rd1 Be6 12. exd5 cxd5 13. O-O Qc7 14. Nb5 Qb7
15. c3 Bd7 16. Na3 Rfd8 17. Bd4 Bc6 18. b4 a6 19. Ra1 Ne8 20. Bxg7 Kxg7 21.
Qd4+ Kg8 22. f4 Nd6 23. Bd3 Nc4 24. Nb1 e6 25. g4 Qe7 26. g5 e5 27. Re1 Re8 28.
Qf2 e4 29. Bxc4 dxc4 30. Re3 f6 31. h4 a5 32. Qe2 Bd5 33. a3 fxg5 34. fxg5 Rf8
35. Nd2 Rf4 36. Qh2 Rg4+ 37. Kf2 axb4 38. cxb4 Rf8+ 39. Ke2 Rff4 40. Rh1 Qe5
41. Kd1 c3 42. Nf3 Qe8 43. Nd4 Rxh4 44. Qxh4 Qa4+ 45. Nc2 Rxh4 46. Rxh4 Qb3 47.
Reh3 Qb1+ 48. Ke2 Qxc2+ 49. Kf1 Qd1+ 50. Kf2 Qd2+ 51. Kg3 Qxg5+ 52. Kf2 e3+ 0-1

[Event "I Torneo Cecchina A"]
[Site "Roma ITA"]
[Date "1997.??.??"]
[Round "1"]
[White "Colantonio, Marco"]
[Black "Medori, Marco"]
[Result "0-1"]
[WhiteElo "1543"]
[BlackElo "1600"]
[PlyCount "54"]
[EventDate "1997.??.??"]

1. e4 c5 2. c3 d5 3. exd5 Qxd5 4. d4 Nc6 5. Nf3 cxd4 6. cxd4 e6 7. Nc3 Bb4 8.
Be2 Nf6 9. O-O Qd8 10. Bg5 Be7 11. a3 Nd5 12. Bxe7 Ncxe7 13. Rc1 O-O 14. Qd3 a6
15. Ng5 Nf6 16. Bf3 Qa5 17. Nce4 Nxe4 18. Nxe4 Rd8 19. Rc5 Qb6 20. b4 Nf5 21.
Rfc1 Bd7 22. Nc3 Bc6 23. d5 Ne7 24. d6 Nd5 25. Ne4 g6 26. g4 Rd7 27. Kg2 Nf4+
0-1

[Event "I Torneo Cecchina A"]
[Site "Roma ITA"]
[Date "1997.??.??"]
[Round "1"]
[White "Corvi, Marco"]
[Black "Gardon, Ermanno"]
[Result "1-0"]
[WhiteElo "2260"]
[BlackElo "1722"]
[PlyCount "67"]
[EventDate "1997.??.??"]

1. e4 e6 2. d3 b5 3. Nf3 Bb7 4. Nbd2 Nf6 5. g3 d5 6. e5 Nfd7 7. Bg2 c5 8. O-O
Nc6 9. Re1 Qc7 10. Qe2 a5 11. Nf1 Nd4 12. Nxd4 cxd4 13. Bf4 a4 14. a3 b4 15.
axb4 Bxb4 16. Bd2 Bc5 17. h4 h5 18. Nh2 a3 19. b4 Be7 20. Ra2 Qb6 21. Rb1 Bc6
22. Rb3 Qc7 23. Nf3 O-O 24. Nxd4 Nxe5 25. Bf4 Bd6 26. Bxe5 Ba4 27. Bxd6 Bxb3
28. Bxc7 Bxa2 29. b5 e5 30. Nc6 Rfe8 31. b6 Bb1 32. Bxd5 Ra6 33. Qxh5 g6 34.
Qxg6+ 1-0

[Event "I Torneo Cecchina A"]
[Site "Roma ITA"]
[Date "1997.??.??"]
[Round "1"]
[White "De Blasio, Alessandro"]
[Black "Papetti, Francesco"]
[Result "1/2-1/2"]
[WhiteElo "1570"]
[BlackElo "1780"]
[PlyCount "70"]
[EventDate "1997.??.??"]

1. e4 d6 2. d4 Nf6 3. Nc3 g6 4. f4 Bg7 5. Nf3 O-O 6. Bd3 c5 7. dxc5 dxc5 8. Qe2
Nc6 9. e5 Nd5 10. Nxd5 Qxd5 11. Be4 Qd7 12. Be3 b6 13. Rd1 Qc7 14. Bd5 Bb7 15.
O-O Nb4 16. Bxb7 Qxb7 17. Qc4 Rad8 18. c3 Na6 19. e6 f5 20. Rd7 Qe4 21. Qxe4
fxe4 22. Ng5 Rxd7 23. exd7 Rd8 24. Rd1 Nb8 25. Nxe4 Rxd7 26. Rxd7 Nxd7 27. a4
h6 28. a5 Kf7 29. Kf2 Ke6 30. axb6 axb6 31. Ke2 Kd5 32. Nd2 Nb8 33. c4+ Kc6 34.
b3 b5 35. Kd3 b4 1/2-1/2

[Event "I Torneo Cecchina A"]
[Site "Roma ITA"]
[Date "1997.??.??"]
[Round "1"]
[White "Dentale, Enrico"]
[Black "Franchi, Jose' Maria"]
[Result "0-1"]
[WhiteElo "1600"]
[BlackElo "1915"]
[PlyCount "108"]
[EventDate "1997.??.??"]

1. d4 Nf6 2. c4 g6 3. Nc3 Bg7 4. e4 d6 5. Be2 O-O 6. Nf3 e5 7. d5 Nbd7 8. O-O
Nc5 9. Qc2 a5 10. Be3 b6 11. Bxc5 bxc5 12. a4 Nh5 13. h3 Nf4 14. Kh2 f5 15. Bd3
Nxd3 16. Qxd3 f4 17. g3 g5 18. g4 h5 19. Rg1 hxg4 20. hxg4 Kf7 21. Rg2 Rh8+ 22.
Kg1 Bd7 23. Nh2 Qf6 24. f3 Rh3 25. Qe2 Rah8 26. Rf1 Qh6 27. Rff2 Rg3 28. Kf1
Qf6 29. Rg1 Qd8 30. Qd2 c6 31. Rfg2 Rgh3 32. Ke1 cxd5 33. cxd5 Qb6 34. Rf1 Qb3
35. Rff2 Bxa4 36. Nxa4 Qxa4 37. Qd1 Qb4+ 38. Qd2 Rb8 39. Qc3 Bf6 40. Qxb4 Rxb4
41. Kd1 Rb3 42. Kc2 c4 43. Rg1 Bd8 44. Rgf1 Bb6 45. Re2 Bd4 46. Kc1 Rh8 47.
Rff2 Bxf2 48. Rxf2 c3 49. bxc3 Rxc3+ 50. Kb2 Rhc8 51. Nf1 a4 52. Nh2 a3+ 53.
Ka2 Rc2+ 54. Rxc2 Rxc2+ 0-1

[Event "I Torneo Cecchina A"]
[Site "Roma ITA"]
[Date "1997.??.??"]
[Round "1"]
[White "Gatto, Mario"]
[Black "Iatrino, Vincenzo"]
[Result "0-1"]
[WhiteElo "1543"]
[BlackElo "1767"]
[PlyCount "112"]
[EventDate "1997.??.??"]

1. d4 e6 2. Bf4 f5 3. Nf3 Nf6 4. h3 Bb4+ 5. c3 Be7 6. e3 b6 7. Be2 Bb7 8. Nbd2
O-O 9. O-O Qe8 10. Bxc7 d6 11. Bxb8 Rxb8 12. Rc1 Qg6 13. Nh4 Qh6 14. Nhf3 g5
15. Nh2 Kh8 16. Bf3 Bxf3 17. Qxf3 d5 18. Rfe1 Bd6 19. Ndf1 Rg8 20. g4 fxg4 21.
Nxg4 Nxg4 22. hxg4 Rbf8 23. Qg2 Qh4 24. Nh2 Bxh2+ 25. Qxh2 Qxg4+ 26. Qg3 Qf5
27. Rf1 h5 28. Qe5+ Qxe5 29. dxe5 Rf5 30. c4 Rxe5 31. cxd5 Rxd5 32. Rc7 Rg7 33.
Rfc1 Rgd7 34. Rc8+ Kg7 35. R1c7 Kf6 36. Rc2 Rd2 37. Kg2 Ke5 38. Kg3 Rxc2 39.
Rxc2 Ke4 40. a3 Rf7 41. Rd2 e5 42. Rd8 Kf5 43. Rd5 h4+ 44. Kg2 Ke4 45. Rd2 g4
46. Rd1 Rf3 47. Rh1 h3+ 48. Kh2 Rxf2+ 49. Kg3 Rg2+ 50. Kh4 Kxe3 51. b4 Kf2 52.
Rc1 h2 53. Rc2+ Kf3 54. Rc3+ Ke4 55. Rc4+ Kf5 56. Rc1 Rg1 0-1

[Event "I Torneo Cecchina A"]
[Site "Roma ITA"]
[Date "1997.??.??"]
[Round "1"]
[White "Iacoacci, Giancarlo"]
[Black "Mastropietro, Marco"]
[Result "0-1"]
[WhiteElo "1600"]
[BlackElo "1890"]
[PlyCount "90"]
[EventDate "1997.??.??"]

1. d4 Nf6 2. Nf3 d5 3. e3 c6 4. Bd3 Bg4 5. Nbd2 Nbd7 6. b3 e6 7. Bb2 Bd6 8. e4
dxe4 9. Nxe4 Nxe4 10. Bxe4 Nf6 11. Qd3 Nxe4 12. Qxe4 Qa5+ 13. c3 Bxf3 14. Qxf3
O-O 15. O-O Rfe8 16. c4 Rad8 17. c5 Be7 18. Bc3 Qc7 19. Rad1 Rd5 20. Rd3 Red8
21. Rfd1 R8d7 22. b4 Bf6 23. Qe3 Bg5 24. Qe4 Qd8 25. f4 Bf6 26. a4 h6 27. b5 e5
28. fxe5 Bxe5 29. Qg4 Rxc5 30. Qxd7 Qxd7 31. dxc5 Qf5 32. Rf3 Qh5 33. Rd8+ Kh7
34. Bxe5 Qxe5 35. bxc6 Qxc5+ 36. Rf2 Qxc6 37. h3 Qxa4 38. Rxf7 Qa1+ 39. Kh2
Qe5+ 40. Kg1 b5 41. Rdd7 a5 42. Rf3 b4 43. Rdd3 a4 44. Kh1 b3 45. Rfe3 b2 0-1

[Event "I Torneo Cecchina A"]
[Site "Roma ITA"]
[Date "1997.??.??"]
[Round "1"]
[White "Marzano, Carlo"]
[Black "Rotondi, Paolo"]
[Result "1/2-1/2"]
[WhiteElo "2160"]
[BlackElo "1660"]
[PlyCount "138"]
[EventDate "1997.??.??"]

1. d4 Nf6 2. Nf3 e6 3. Bg5 Be7 4. Nbd2 b6 5. e4 Bb7 6. Bd3 d6 7. O-O h6 8. Be3
Nbd7 9. h3 c5 10. c3 O-O 11. Re1 Rc8 12. Qe2 Rc7 13. Bf4 Qa8 14. a4 a6 15. b4
Rcc8 16. bxc5 dxc5 17. Rac1 cxd4 18. cxd4 Rxc1 19. Rxc1 Rc8 20. Rxc8+ Qxc8 21.
Qd1 Qc6 22. Qc2 Bb4 23. Kf1 Qxc2 24. Bxc2 Bc6 25. Ke2 b5 26. axb5 Bxb5+ 27. Bd3
Bxd3+ 28. Kxd3 Nb6 29. Bc7 Nfd7 30. Nc4 Na8 31. Bd6 Bxd6 32. Nxd6 Kf8 33. Kc3
Ke7 34. Nc8+ Kd8 35. Nd6 Ke7 36. Nb7 Nc7 37. Kb4 Nf6 38. Nd2 Kd7 39. Nc4 Kc6
40. Nc5 Nb5 41. Ne5+ Kb6 42. Nxf7 Nxd4 43. Kc4 Nc6 44. Nxe6 Nxe4 45. f3 Nf6 46.
Nxg7 a5 47. Nxh6 a4 48. Nhf5 Ka5 49. Ne3 Nd7 50. Nc2 Nb6+ 51. Kc3 Nd5+ 52. Kb2
Ndb4 53. Na3 Nd3+ 54. Kc3 Ne1 55. h4 Nxg2 56. h5 Ne5 57. h6 Ng6 58. h7 Kb6 59.
Ne6 Kc6 60. Nc4 Kd5 61. Ng5 a3 62. Nxa3 Ke5 63. Nf7+ Kf4 64. Nc4 N2h4 65. Nce5
Kf5 66. Kd4 Nxf3+ 67. Nxf3 Kf6 68. N3e5 Kg7 69. Ng5 Nf8 1/2-1/2

[Event "I Torneo Cecchina A"]
[Site "Roma ITA"]
[Date "1997.??.??"]
[Round "1"]
[White "Montecchi, Ugo"]
[Black "Marotta, Michele"]
[Result "1/2-1/2"]
[WhiteElo "1833"]
[BlackElo "1600"]
[PlyCount "110"]
[EventDate "1997.??.??"]

1. e4 d6 2. Bc4 Nf6 3. d3 Nc6 4. c3 Na5 5. Bb5+ c6 6. Ba4 g6 7. b4 b5 8. bxa5
bxa4 9. Qxa4 Bd7 10. Nf3 c5 11. Qa3 Bg7 12. Bg5 h6 13. Be3 O-O 14. Nbd2 Ng4 15.
O-O Bb5 16. Ne1 e6 17. Rb1 Rb8 18. Bf4 Be5 19. Bxe5 Nxe5 20. c4 Bd7 21. Rxb8
Qxb8 22. Nc2 Nc6 23. Rb1 Qc7 24. a6 Rb8 25. Rxb8+ Nxb8 26. e5 dxe5 27. Ne4 Qb6
28. Qb3 Qxb3 29. axb3 Bc8 30. Nxc5 Nxa6 31. Nxa6 Bxa6 32. Nb4 Bb7 33. c5 Kf8
34. c6 Bc8 35. c7 a6 36. Nc6 Ke8 37. Nxe5 Ke7 38. f3 g5 39. Kf2 f6 40. Nc6+ Kd6
41. Na7 Kxc7 42. Nxc8 Kxc8 43. g4 Kd7 44. Ke3 Kd6 45. Kd4 f5 46. b4 e5+ 47. Kc4
fxg4 48. fxg4 Kc6 49. d4 exd4 50. Kxd4 Kb5 51. Kc3 Kb6 52. Kb3 Kb5 53. Kc3 Kb6
54. Kb3 Kb5 55. h3 Kc6 1/2-1/2

[Event "I Torneo Cecchina A"]
[Site "Roma ITA"]
[Date "1997.??.??"]
[Round "1"]
[White "Orazi, Carlo"]
[Black "Simeoni, Matteo"]
[Result "0-1"]
[WhiteElo "1600"]
[BlackElo "1830"]
[PlyCount "32"]
[EventDate "1997.??.??"]

1. d4 f5 2. g3 Nf6 3. Bg2 e6 4. c4 Bb4+ 5. Bd2 Be7 6. Nc3 O-O 7. Nh3 Qe8 8. Nf4
Nc6 9. e3 e5 10. dxe5 Nxe5 11. Qe2 c6 12. Nd3 Nxc4 13. O-O Nxd2 14. Qxd2 d5 15.
b4 Ne4 16. Bxe4 fxe4 0-1

[Event "I Torneo Cecchina A"]
[Site "Roma ITA"]
[Date "1997.??.??"]
[Round "1"]
[White "Pasqualucci, Colombo"]
[Black "Campagna, Maurizio"]
[Result "1-0"]
[WhiteElo "1794"]
[BlackElo "1573"]
[PlyCount "103"]
[EventDate "1997.??.??"]

1. e4 c6 2. d4 d5 3. exd5 cxd5 4. Bd3 Nc6 5. c3 e6 6. Nf3 h6 7. O-O Bd6 8. Re1
Qc7 9. Nbd2 Nf6 10. Nf1 O-O 11. Bc2 a5 12. a4 b6 13. Ng3 Ba6 14. Nh4 Bf4 15.
Qf3 Bxc1 16. Raxc1 Qe7 17. Nhf5 Qd8 18. Ne3 Rc8 19. h3 Qd6 20. Ng4 Nxg4 21.
Qxg4 f5 22. Qf3 Rc7 23. Nh5 Rfc8 24. Qe3 Re7 25. Qd2 b5 26. axb5 Bxb5 27. Nf4
Kf7 28. Bd1 g6 29. Be2 Bxe2 30. Rxe2 a4 31. Nd3 Kg7 32. Ra1 Ra8 33. Nc5 Na5 34.
Rxa4 Nb3 35. Qc2 Rxa4 36. Nxa4 Rb7 37. Nc5 Nxc5 38. dxc5 Qxc5 39. Rxe6 d4 40.
c4 Qb4 41. Re2 Rc7 42. b3 Rb7 43. Qd1 Qc3 44. Rc2 Qxb3 45. Qxd4+ Kh7 46. Rd2
Qb4 47. Qd5 Rc7 48. Re2 h5 49. Re8 Qxc4 50. Re7+ Kh6 51. Qd2+ g5 52. Qd6+ 1-0

[Event "I Torneo Cecchina A"]
[Site "Roma ITA"]
[Date "1997.??.??"]
[Round "1"]
[White "Quimi, Marco"]
[Black "Attanasi, Salvatore"]
[Result "1-0"]
[WhiteElo "2240"]
[BlackElo "1672"]
[PlyCount "87"]
[EventDate "1997.??.??"]

1. d4 Nf6 2. Nf3 e6 3. g3 b6 4. Bg2 Bb7 5. O-O Be7 6. c4 O-O 7. d5 exd5 8. Nh4
c6 9. cxd5 cxd5 10. Nf5 Nc6 11. Nc3 Ne5 12. Bg5 h6 13. Bxf6 Bxf6 14. Nxd5 Bc6
15. Rc1 Rc8 16. f4 Ng6 17. Qd2 Ne7 18. Nxf6+ gxf6 19. Bxc6 Rxc6 20. Rxc6 Nxc6
21. Rd1 Qb8 22. Qxd7 Rd8 23. Nxh6+ Kh7 24. Qxf7+ Kxh6 25. Qxf6+ Kh7 26. Rxd8
Nxd8 27. Qe7+ Kg8 28. Qe8+ Kg7 29. e4 Qc7 30. e5 Qc1+ 31. Kg2 Qc6+ 32. Qxc6
Nxc6 33. Kf3 Nb4 34. Ke4 Nxa2 35. f5 Nb4 36. g4 Nc6 37. g5 a5 38. e6 b5 39. f6+
Kf8 40. g6 a4 41. Kd5 b4 42. Kxc6 b3 43. e7+ Ke8 44. Kd6 1-0

[Event "I Torneo Cecchina A"]
[Site "Roma ITA"]
[Date "1997.??.??"]
[Round "1"]
[White "Ridolfi, Raffaele"]
[Black "Tosoni, Augusto"]
[Result "0-1"]
[WhiteElo "1633"]
[BlackElo "2116"]
[PlyCount "84"]
[EventDate "1997.??.??"]

1. d4 Nf6 2. c4 g6 3. Nc3 Bg7 4. e4 d6 5. Nge2 O-O 6. Ng3 c5 7. dxc5 dxc5 8.
Qxd8 Rxd8 9. Nd5 Nc6 10. Be2 Nxd5 11. exd5 Nd4 12. Bd1 e6 13. dxe6 Bxe6 14. Ne2
Bxc4 15. Nxd4 Rxd4 16. f3 Rad8 17. Bc2 Bd3 18. Bxd3 Rxd3 19. Ke2 Bxb2 20. Bg5
Bxa1 21. Bxd8 Rxd8 22. Rxa1 Rd4 23. Rb1 b6 24. Ke3 Kf8 25. f4 Ke7 26. Rb2 Kd6
27. g4 Kc6 28. f5 g5 29. h4 gxh4 30. Rh2 Kd6 31. Kf3 c4 32. Rxh4 c3 33. Rh1 f6
34. Rc1 Rc4 35. Rc2 h6 36. a3 b5 37. Ke3 Ke5 38. Kd3 Rd4+ 39. Kxc3 Rc4+ 40. Kb3
Rxc2 41. Kxc2 Ke4 42. Kb3 a5 0-1

[Event "I Torneo Cecchina A"]
[Site "Roma ITA"]
[Date "1997.??.??"]
[Round "1"]
[White "Rossi De Gasperis, Pietro"]
[Black "Moroni, Marco"]
[Result "1/2-1/2"]
[WhiteElo "1800"]
[BlackElo "1806"]
[PlyCount "71"]
[EventDate "1997.??.??"]

1. e4 Nc6 2. d4 e5 3. Nf3 exd4 4. Nxd4 Bc5 5. Be3 Qf6 6. c3 Nge7 7. Nc2 Bxe3 8.
Nxe3 O-O 9. Bd3 Ne5 10. Bc2 Qa6 11. Nd2 Nd3+ 12. Bxd3 Qxd3 13. Qe2 Qxe2+ 14.
Kxe2 d6 15. f4 f5 16. Nd5 Nxd5 17. exd5 c6 18. dxc6 bxc6 19. Kf2 Be6 20. Rhe1
Rfe8 21. b3 a5 22. Nf3 Bd5 23. Rxe8+ Rxe8 24. c4 Bxf3 25. Kxf3 Kf7 26. Rd1 Re6
27. Rd2 Ke7 28. Re2 Rxe2 29. Kxe2 Ke6 30. a3 d5 31. Kd3 c5 32. g3 g6 33. h3 h6
34. h4 h5 35. a4 Kd6 36. Kc2 1/2-1/2

[Event "I Torneo Cecchina A"]
[Site "Roma ITA"]
[Date "1997.??.??"]
[Round "1"]
[White "Scacco, Mauro"]
[Black "Passali, Giovanni"]
[Result "1-0"]
[WhiteElo "2045"]
[BlackElo "1633"]
[PlyCount "57"]
[EventDate "1997.??.??"]

1. e4 c5 2. Nf3 d6 3. d4 cxd4 4. Nxd4 Nf6 5. Nc3 a6 6. Bg5 e6 7. Qf3 Nbd7 8.
O-O-O Qc7 9. Qg3 b5 10. Bxb5 axb5 11. Ndxb5 Qb7 12. Rhe1 Rb8 13. Rxd6 Nc5 14.
Qe5 Bd7 15. Bxf6 gxf6 16. Qxf6 Bxb5 17. Qxh8 Bc4 18. Nd5 Bxd5 19. exd5 Qb4 20.
Kd1 Ne4 21. Rxe4 Qxe4 22. dxe6 Qf4 23. Rd4 Qxf2 24. exf7+ Kxf7 25. Qxh7+ Kf6
26. Qe4 Qf1+ 27. Qe1 Qxg2 28. Rf4+ Kg6 29. Qe6+ 1-0

[Event "I Torneo Cecchina A"]
[Site "Roma ITA"]
[Date "1997.??.??"]
[Round "1"]
[White "Scagliarini, Valentina"]
[Black "Chiaretti, Roberto"]
[Result "0-1"]
[WhiteElo "1642"]
[BlackElo "2150"]
[PlyCount "63"]
[EventDate "1997.??.??"]

1. e4 e6 2. d4 d5 3. exd5 exd5 4. Bd3 Nc6 5. c3 Bd6 6. Ne2 Nge7 7. Qc2 Bg4 8.
Be3 Qd7 9. f3 Bh5 10. Bf4 Bg6 11. Bxd6 Qxd6 12. Nd2 O-O-O 13. O-O-O Kb8 14. Nb3
Rde8 15. Rde1 Nd8 16. Nc5 b6 17. Nb3 Ne6 18. g3 Bxd3 19. Qxd3 g6 20. f4 Nf5 21.
Ng1 Nxf4 22. Rxe8+ Rxe8 23. gxf4 Qxf4+ 24. Nd2 Re1+ 25. Kc2 Ne3+ 26. Kb3 Nc4
27. Nxc4 dxc4+ 28. Qxc4 Qf6 29. d5 Qg5 30. Qd4 Qg2 31. d6 Re8 32. dxc7+ $138
0-1

[Event "I Torneo Cecchina A"]
[Site "Roma ITA"]
[Date "1997.??.??"]
[Round "1"]
[White "Siraco, Maurizio"]
[Black "Esuperanzi, Gianbattista"]
[Result "1-0"]
[WhiteElo "1911"]
[BlackElo "1600"]
[PlyCount "62"]
[EventDate "1997.??.??"]

1. e4 c5 2. Nf3 d6 3. d4 cxd4 4. Nxd4 Nf6 5. Nc3 e6 6. Bc4 a6 7. Bb3 Be7 8. f4
O-O 9. f5 exf5 10. exf5 d5 11. Qf3 Bc5 12. Be3 Bxd4 13. Bxd4 Re8+ 14. Kf1 Ne4
15. Nxe4 Rxe4 16. Rd1 Nc6 17. Bf2 Qc7 18. Rxd5 Qf4 19. Bg3 Qxf3+ 20. gxf3 Re7
21. Kf2 h6 22. Rhd1 Re8 23. Rc5 Ne7 24. Re1 Bd7 25. Rc7 Rad8 26. Rd1 Bxf5 27.
Rxd8 Rxd8 28. Rxe7 Rd2+ 29. Ke1 Rg2 30. Re8+ Kh7 31. Re2 Rxe2+ 1-0

[Event "I Torneo Cecchina A"]
[Site "Roma ITA"]
[Date "1997.??.??"]
[Round "1"]
[White "Solaroli, Riccardo"]
[Black "Farina, Saverio"]
[Result "1/2-1/2"]
[WhiteElo "1663"]
[BlackElo "2195"]
[PlyCount "96"]
[EventDate "1997.??.??"]

1. e4 e6 2. d4 d5 3. Nc3 c5 4. exd5 exd5 5. Bb5+ Nc6 6. Nf3 Nf6 7. O-O Be7 8.
Bg5 O-O 9. dxc5 Bg4 10. Bxf6 Bxf6 11. Bxc6 bxc6 12. Qd3 Qa5 13. Nd4 Qxc5 14.
Nb3 Qb4 15. a3 Qf4 16. Qg3 Qxg3 17. hxg3 Bxc3 18. bxc3 Rfe8 19. Rfe1 Kf8 20. f3
Bf5 21. Nd4 Bd7 22. Rab1 Rab8 23. Rxe8+ Rxe8 24. Rb7 c5 25. Rxd7 cxd4 26. cxd4
Rc8 27. Rxa7 Rxc2 28. Rd7 Ra2 29. Rxd5 Rxa3 30. Re5 Rd3 31. Re4 f6 32. g4 Kf7
33. f4 Rd2 34. f5 g6 35. Kf1 Kf8 36. g3 Kf7 37. Ke1 Ra2 38. d5 Ra5 39. Rd4 Ke7
40. Re4+ Kd7 41. Re6 Rxd5 42. Rxf6 Ke7 43. Ra6 Re5+ 44. Kd2 gxf5 45. gxf5 Rxf5
46. Ra7+ Kf6 47. Rxh7 Rf3 48. Rh3 Kg5 1/2-1/2

[Event "I Torneo Cecchina A"]
[Site "Roma ITA"]
[Date "1997.??.??"]
[Round "1"]
[White "Spaziani, Gianni"]
[Black "Luzi, Alessandro"]
[Result "0-1"]
[WhiteElo "1761"]
[BlackElo "1540"]
[PlyCount "62"]
[EventDate "1997.??.??"]

1. d4 Nf6 2. c4 g6 3. Nc3 Bg7 4. Nf3 O-O 5. Bg5 d6 6. e4 h6 7. Bf4 Bg4 8. Be2
Nbd7 9. Qd2 Kh7 10. h3 Bxf3 11. Bxf3 e5 12. dxe5 Nxe5 13. Be2 Re8 14. O-O-O Nc6
15. f3 Nh5 16. Be3 Nb4 17. Kb1 a5 18. a3 Nc6 19. g4 Ng3 20. Rhg1 Nxe2 21. Nxe2
Ne5 22. Qd5 Nxf3 23. Rgf1 Ne5 24. Bd4 c6 25. Qxf7 Nxf7 26. Rxf7 Rg8 27. Rdf1
Kh8 28. Rxb7 Rb8 29. Ra7 Bxd4 30. Nxd4 Qb6 31. Nb5 Rgf8 0-1

[Event "I Torneo Cecchina A"]
[Site "Roma ITA"]
[Date "1997.??.??"]
[Round "1"]
[White "Vannelli, Vittorio"]
[Black "Palombi, Roberto"]
[Result "0-1"]
[WhiteElo "1636"]
[BlackElo "2055"]
[PlyCount "134"]
[EventDate "1997.??.??"]

1. e4 e6 2. d4 d5 3. exd5 exd5 4. Bd3 Nc6 5. c3 Bd6 6. Nf3 Nge7 7. O-O Bf5 8.
Bxf5 Nxf5 9. Qd3 Qd7 10. Re1+ Nce7 11. Ne5 Bxe5 12. Rxe5 O-O 13. Nd2 Rfe8 14.
Nf3 f6 15. Re1 Ng6 16. Bd2 Nd6 17. b3 b5 18. a4 a6 19. axb5 axb5 20. Rxe8+ Qxe8
21. Rxa8 Qxa8 22. h4 Qa1+ 23. Kh2 Qd1 24. h5 Nf8 25. h6 g5 26. c4 bxc4 27. bxc4
dxc4 28. Qe3 Kf7 29. d5 Qc2 30. Qc5 Ne8 31. Bb4 Ng6 32. Qe3 Qf5 33. Qc5 g4 34.
Qxc4 Qf4+ 35. Qxf4 Nxf4 36. Bd2 Nxd5 37. Nd4 c5 38. Nc6 c4 39. Kg3 c3 40. Bc1
f5 41. f3 gxf3 42. Kxf3 Nef6 43. Ke2 Kg6 44. Kd3 f4 45. Nd4 Kxh6 46. g3 Kh5 47.
gxf4 Kg4 48. f5 h5 49. Ba3 h4 50. Bd6 Nf4+ 51. Ke3 N6d5+ 52. Kf2 h3 53. Kg1 Nf6
54. Nc2 Ne4 55. Be5 Kxf5 56. Bb8 Ne2+ 57. Kh2 Kg4 58. Be5 Nf4 59. Bxf4 Kxf4 60.
Kxh3 Kf3 61. Kh4 Nd6 62. Kg5 Ke4 63. Kg4 Nc4 64. Kg3 Ne3 65. Ne1 Nf5+ 66. Kf2
Nd4 67. Ng2 c2 0-1

[Event "I Torneo Cecchina A"]
[Site "Roma ITA"]
[Date "1997.??.??"]
[Round "1"]
[White "Vanzan, Alessandro"]
[Black "Mastroddi, Emiliano"]
[Result "0-1"]
[WhiteElo "1528"]
[BlackElo "1753"]
[PlyCount "68"]
[EventDate "1997.??.??"]

1. c4 Nf6 2. Nc3 g6 3. e4 d6 4. d4 Bg7 5. Nf3 O-O 6. Be2 e5 7. O-O Nc6 8. d5
Ne7 9. b4 Ne8 10. Nd2 f5 11. f3 f4 12. a4 g5 13. Ba3 h5 14. c5 Ng6 15. Rc1 Rf7
16. cxd6 cxd6 17. Nc4 Bf8 18. b5 Rg7 19. Qb3 g4 20. b6 a6 21. g3 gxf3 22. Bxf3
fxg3 23. hxg3 Nf4 24. Ne2 Qg5 25. Kf2 Nxe2 26. Bxe2 Bh3 27. Rg1 Rf7+ 28. Ke1
Qf6 29. Kd1 Qf2 30. Re1 Rc8 31. Rc3 Bh6 32. Bxh5 Qd4+ 33. Rd3 Qa1+ 34. Ke2 Bf1+
0-1